[Event "Tournoi francophone 019"]
[Site "Skype"]
[Date "????.??.??"]
[Round "5.5"]
[White "Marino, Giuseppe"]
[Black "Sequeda Pimiento, Javier Ricardo"]
[Result "1-0"]
[WhiteElo "1335"]
[BlackElo "1395"]
[PlyCount "79"]

1. e4 e5 2. Nf3 Nc6 3. d3 d5 4. exd5 Qxd5 5. Be2 Bg4 6. Nc3 Bb4 7. Bd2 Bxc3 8.
Bxc3 e4 9. Nd2 Bxe2 10. Qxe2 Nd4 11. Bxd4 Qxd4 12. Qxe4+ Qxe4+ 13. Nxe4 O-O-O
14. O-O-O f5 15. Ng5 Re8 16. Nf7 Nf6 17. Nxh8 Rxh8 18. f3 g5 19. h3 h5 20. Rde1
Kd7 21. Re5 g4 22. Rxf5 Rh6 23. hxg4 Ng8 24. Rhxh5 Re6 25. Rd5+ Kc6 26. Rde5
Rd6 27. a4 a5 28. Rxa5 Ne7 29. g5 Nd5 30. Rh6 Nf4 31. Rxd6+ Kxd6 32. g3 Ne2+
33. Kd2 Nd4 34. f4 b6 35. Ra8 Nf5 36. g6 Kd7 37. g4 Ng7 38. Rf8 Ne6 39. g7 Nxg7
40. Rf7+ 1-0

[Event "Tournoi francophone 019"]
[Site "Skype"]
[Date "????.??.??"]
[Round "5.6"]
[White "Prieto Umba, Jairo Ovidio"]
[Black "Vasquez Cienfuegos, Oscar"]
[Result "0-1"]
[WhiteElo "1317"]
[BlackElo "1389"]
[PlyCount "86"]

1. e4 Nf6 2. Nc3 d6 3. d4 g6 4. Bg5 Bg7 5. Qd2 h5 6. Rd1 c6 7. Be2 b5 8. d5 b4
9. Nb1 Nxe4 10. Qe3 Nxg5 11. Qxg5 c5 12. c3 a6 13. Qd2 Bh6 14. Qd3 Nd7 15. Nf3
Nf6 16. c4 a5 17. b3 Bf5 18. Qxf5 gxf5 19. Nh4 Qd7 20. O-O a4 21. Bd3 Ne4 22.
Rfe1 Bg5 23. Nf3 f6 24. Re2 axb3 25. axb3 Ra1 26. Ne1 Kf7 27. Nc2 Rxb1 28. Rxb1
Nc3 29. Rbe1 Nxe2+ 30. Rxe2 Ra8 31. Ne1 Ra1 32. Kf1 Rd1 33. Bc2 Ra1 34. f3 f4
35. Rd2 Bh4 36. Rd1 Qa7 37. Bb1 Bxe1 38. Kxe1 Qa3 39. Kd2 Qb2+ 40. Bc2 Qc3+ 41.
Ke2 Qxc2+ 42. Rd2 Qxb3 43. g3 Qe3# 0-1

[Event "Tournoi francophone 019"]
[Site "Skype"]
[Date "????.??.??"]
[Round "5.7"]
[White "Bucherie, Volcy"]
[Black "Scata, Laura"]
[Result "0-1"]
[WhiteElo "1264"]
[BlackElo "1370"]
[PlyCount "64"]

1. d4 c6 2. c4 d5 3. cxd5 cxd5 4. Nc3 e6 5. a3 Nf6 6. e4 dxe4 7. Bf4 Nc6 8. Nb5
Qa5+ 9. b4 Bxb4+ 10. axb4 Qxb4+ 11. Qd2 O-O 12. Nd6 Qxd4 13. Rb1 e5 14. Nxc8
Rfxc8 15. Rxb7 exf4 16. Qxf4 Qa1+ 17. Ke2 Qa6+ 18. Ke1 Qxb7 19. Ne2 Qb1+ 20.
Qc1 Qxc1+ 21. Nxc1 a5 22. Bb5 Nd4 23. Be2 Rxc1+ 24. Bd1 a4 25. Kd2 Nb3+ 26. Ke3
a3 27. Re1 a2 28. Bxb3 Rxe1+ 29. Kd2 a1=Q 30. Bc2 Rd8+ 31. Bd3 Rxd3+ 32. Kc2
Qa2# 0-1

[Event "Tournoi francophone 019"]
[Site "Skype"]
[Date "????.??.??"]
[Round "5.9"]
[White "Gadow, Martin"]
[Black "Vello, Pablo"]
[Result "1-0"]
[WhiteElo "1342"]
[BlackElo "1190"]
[PlyCount "93"]

1. d4 Nf6 2. Nf3 e6 3. Bf4 Be7 4. e3 b6 5. Nbd2 Bb7 6. Bd3 c5 7. c3 Nc6 8. O-O
d5 9. Ne5 Nxe5 10. dxe5 Nd7 11. Qg4 Rg8 12. Nf3 Qc7 13. Ng5 Bxg5 14. Qxg5 d4
15. cxd4 cxd4 16. Rac1 Qd8 17. exd4 Qxg5 18. Bxg5 f6 19. Bf4 h5 20. Bg6+ Kd8
21. exf6 gxf6 22. Bc7+ Ke7 23. d5 Rxg6 24. d6+ Kf7 25. g3 h4 26. Rcd1 hxg3 27.
fxg3 Rh8 28. Rf2 Rh4 29. Kf1 Re4 30. Bb8 Nxb8 31. d7 Nc6 32. d8=Q Nxd8 33. Rxd8
Ke7 34. Rb8 Ba6+ 35. Kg2 f5 36. Rc2 Re2+ 37. Rxe2 Bxe2 38. Kf2 Bh5 39. Rb7+ Kf6
40. Rxa7 f4 41. Rb7 fxg3+ 42. hxg3 Bg4 43. Rxb6 Rh6 44. Rb4 Rh2+ 45. Ke3 Re2+
46. Kd3 Bf3 47. Rf4+ 1-0

[Event "Tournoi francophone 019"]
[Site "Skype"]
[Date "????.??.??"]
[Round "5.10"]
[White "Sahrane, Juba"]
[Black "Moumtaz, Abderrahim"]
[Result "1-0"]
[WhiteElo "1514"]
[BlackElo "1279"]
[PlyCount "99"]

1. e4 e5 2. Nf3 Nc6 3. d4 exd4 4. Nxd4 Nxd4 5. Qxd4 Nf6 6. Bg5 Be7 7. Be2 d6 8.
Nc3 c5 9. Qd2 Be6 10. Rd1 O-O 11. O-O a6 12. Rfe1 Re8 13. Bf3 Rb8 14. e5 dxe5
15. Qxd8 Rexd8 16. Rxd8+ Bxd8 17. Rxe5 Be7 18. Nd5 Bxd5 19. Bxd5 Nxd5 20. Bxe7
Nxe7 21. Rxe7 b6 22. Kf1 Kf8 23. Rd7 Ke8 24. Rc7 Rd8 25. Ke2 Rd7 26. Rc6 Rb7
27. Rd6 Ke7 28. Rd5 Rd7 29. Rxd7+ Kxd7 30. Kd3 Kd6 31. Ke4 Ke6 32. g4 g5 33. c4
b5 34. b3 b4 35. f4 gxf4 36. Kxf4 f6 37. h4 h6 38. Ke4 f5+ 39. gxf5+ Kf6 40.
Kf4 h5 41. Ke4 Kf7 42. Ke5 Ke7 43. f6+ Kf7 44. Kf5 Kf8 45. Kg6 Kg8 46. Kxh5 Kf7
47. Kg5 Kf8 48. h5 Kg8 49. Kg6 Kf8 50. Kh7 1-0

[Event "Tournoi francophone 019"]
[Site "Skype"]
[Date "????.??.??"]
[Round "5.11"]
[White "Rodier, Marc"]
[Black "Rodriguez Tovar, Liliana"]
[Result "1-0"]
[WhiteElo "1512"]
[BlackElo "1204"]
[PlyCount "51"]

1. e4 c5 2. Nf3 e6 3. d4 cxd4 4. Nxd4 Nc6 5. c4 Nf6 6. Nc3 Bb4 7. f3 Qa5 8.
Nxc6 bxc6 9. Bd2 a6 10. a3 Be7 11. b4 Qb6 12. c5 Qc7 13. Bc4 a5 14. O-O O-O 15.
f4 Ba6 16. Qe2 Bxc4 17. Qxc4 axb4 18. axb4 Rfb8 19. Na4 d5 20. cxd6 Bxd6 21. e5
Bxe5 22. fxe5 Qxe5 23. Bf4 Qb5 24. Qxb5 Rxb5 25. Nc3 Rc8 26. Nxb5 1-0

[Event "Tournoi francophone 019"]
[Site "Skype"]
[Date "????.??.??"]
[Round "5.12"]
[White "Abdulrazzaq, Mohsen"]
[Black "Sauvaget, Joel"]
[Result "1-0"]
[WhiteElo "1346"]
[BlackElo "1255"]
[PlyCount "47"]

1. e4 e5 2. Nf3 d6 3. h3 Nf6 4. Nc3 a6 5. Bc4 h6 6. O-O Be7 7. d4 exd4 8. Qxd4
Nc6 9. Qe3 O-O 10. b3 Bd7 11. Bb2 Na5 12. Bd3 Nc6 13. Rad1 Qc8 14. e5 dxe5 15.
Nxe5 Nxe5 16. Qxe5 Re8 17. Nd5 Bd6 18. Nxf6+ gxf6 19. Qxf6 Kf8 20. Qg7+ Ke7 21.
Rde1+ Kd8 22. Bf6+ Be7 23. Bxe7+ Rxe7 24. Qf6 1-0

[Event "Tournoi francophone 019"]
[Site "Skype"]
[Date "????.??.??"]
[Round "5.13"]
[White "Nicolini, Francesco"]
[Black "De Coninck, Philippe"]
[Result "1-0"]
[WhiteElo "1165"]
[BlackElo "1290"]
[PlyCount "51"]

1. e4 e5 2. Bc4 Nf6 3. Nc3 Bb4 4. Nd5 Ba5 5. c3 Nxe4 6. Qg4 Ng5 7. d4 d6 8.
Qxg5 Qxg5 9. Bxg5 exd4 10. b4 Bb6 11. cxd4 O-O 12. Nxb6 axb6 13. Nf3 Re8+ 14.
Be3 c6 15. O-O Bg4 16. Ng5 d5 17. Bd3 g6 18. h3 Ra3 19. Bc2 Be2 20. Rfe1 Bc4
21. Nf3 Rxa2 22. Rxa2 Bxa2 23. Ra1 Bc4 24. Ra8 Kf8 25. Bf4 Na6 26. Bd6+ 1-0

[Event "Tournoi francophone 019"]
[Site "Skype"]
[Date "????.??.??"]
[Round "5.14"]
[White "Trivedi, Viral"]
[Black "Garcia De La Calva, Juan Ramon"]
[Result "0-1"]
[WhiteElo "1202"]
[BlackElo "1337"]
[PlyCount "56"]

1. d4 d5 2. Bf4 c6 3. e3 Qb6 4. Nc3 Qxb2 5. Na4 Qa3 6. c3 b5 7. Nc5 Qxc3+ 8.
Ke2 e5 9. Rc1 Bg4+ 10. f3 Qa3 11. Bxe5 Nd7 12. fxg4 Bxc5 13. Bxg7 Bxd4 14. Bxd4
f6 15. Qb3 Qxc1 16. Nf3 Nc5 17. Bxc5 Qxc5 18. Kf2 Nh6 19. h3 O-O 20. Nd4 f5 21.
Kg3 Qd6+ 22. Kh4 fxg4 23. hxg4 Qg6 24. Be2 Rf2 25. Bf3 Rxg2 26. Bxd5+ Kh8 27.
Bf3 Rxg4+ 28. Bxg4 Qxg4# 0-1

[Event "Tournoi francophone 019"]
[Site "Skype"]
[Date "????.??.??"]
[Round "5.15"]
[White "Milanese, Serge"]
[Black "Jacquelin, Norbert"]
[Result "0-1"]
[WhiteElo "1202"]
[BlackElo "1703"]
[PlyCount "90"]

1. d4 d5 2. Bf4 e6 3. e3 Nf6 4. Nd2 c5 5. c3 Nc6 6. Ngf3 Be7 7. Be2 Nh5 8. Bg3
Nxg3 9. hxg3 Qb6 10. Qb3 Bd8 11. Qc2 g6 12. Nh2 e5 13. Ndf3 exd4 14. exd4 O-O
15. O-O c4 16. Rfd1 Ne7 17. Qd2 Nf5 18. Ng4 h5 19. Nh6+ Nxh6 20. Qxh6 Qf6 21.
Ng5 Qxg5 22. Qxg5 Bxg5 23. f4 Bf6 24. Kf2 Kg7 25. Bf3 Be6 26. a3 Rh8 27. Rh1
Rh6 28. Rae1 Rah8 29. Rh2 g5 30. f5 Bxf5 31. Bxd5 g4 32. Bxc4 b5 33. Bd5 Rd8
34. Be4 Bd7 35. Rhh1 a5 36. Ke3 Bg5+ 37. Kd3 Be6 38. d5 Bxd5 39. Bxd5 Rxd5+ 40.
Ke4 Rd8 41. Kf5 Bd2 42. Re2 Rf6+ 43. Ke4 Re6+ 44. Kf5 Rd5+ 45. Re5 Rdxe5# 0-1

[Event "Tournoi francophone 019"]
[Site "Skype"]
[Date "????.??.??"]
[Round "5.16"]
[White "Duthoit, Bernard"]
[Black "Malbec, Robert"]
[Result "1-0"]
[WhiteElo "1320"]
[BlackElo "1174"]
[PlyCount "75"]

1. e4 e5 2. Nf3 Nc6 3. Bb5 a6 4. Ba4 b5 5. Bb3 Nf6 6. d3 Bc5 7. h3 d6 8. Be3
Ba7 9. Bxa7 Rxa7 10. Nbd2 Na5 11. c3 Nxb3 12. Nxb3 Bb7 13. O-O Ra8 14. Nh2 O-O
15. f4 h6 16. fxe5 dxe5 17. Ng4 Nxg4 18. Qxg4 Qxd3 19. Rae1 Qc4 20. Na5 Qc5+
21. Kh2 Bc8 22. Qg3 Be6 23. Nb3 Bxb3 24. axb3 Qd6 25. Rf5 Rad8 26. Rxe5 f6 27.
Rd5 Qxg3+ 28. Kxg3 Rxd5 29. exd5 Rd8 30. c4 Rd6 31. Re8+ Kf7 32. Rc8 Rd7 33.
Ra8 c6 34. Rxa6 cxd5 35. cxb5 d4 36. b6 d3 37. Ra7 d2 38. Rxd7+ 1-0

[Event "Tournoi francophone 019"]
[Site "Skype"]
[Date "????.??.??"]
[Round "5.17"]
[White "Cengiz, Ali Ekber"]
[Black "Ortis, Yves"]
[Result "0-1"]
[WhiteElo "1266"]
[BlackElo "1147"]
[PlyCount "40"]

1. e4 c5 2. Bc4 e6 3. Nf3 a6 4. a3 Nc6 5. d3 b5 6. Ba2 h6 7. O-O Nf6 8. c3 Bb7
9. Nbd2 Qc7 10. b4 Bd6 11. h3 Ne5 12. Qe2 g5 13. d4 cxd4 14. cxd4 g4 15. Nxe5
gxh3 16. gxh3 Rg8+ 17. Kh1 Bxe5 18. dxe5 Qxe5 19. Rb1 Nxe4 20. Qd3 Nxf2# 0-1

[Event "Tournoi francophone 019"]
[Site "Skype"]
[Date "????.??.??"]
[Round "5.19"]
[White "Gharbi, Said"]
[Black "Abate, Luigi"]
[Result "1-0"]
[WhiteElo "1252"]
[BlackElo "1066"]
[PlyCount "33"]

1. e4 e5 2. Nf3 Nc6 3. Bc4 Bc5 4. d4 exd4 5. Ng5 Nh6 6. Qh5 Qe7 7. Nxf7 Qxe4+
8. Be3 Qf5 9. Nd6+ Kd8 10. Nxf5 Nxf5 11. Qxf5 dxe3 12. Qxc5 Re8 13. Be2 d6 14.
Qg5+ Re7 15. fxe3 b6 16. O-O Bb7 17. Rf8+ 1-0

[Event "Tournoi francophone 019"]
[Site "Skype"]
[Date "????.??.??"]
[Round "5.20"]
[White "L'Herbon De Lussats, Jean"]
[Black "Gerbaux, Regis"]
[Result "1-0"]
[WhiteElo "1233"]
[BlackElo "1024"]
[PlyCount "69"]

1. c4 c5 2. Nc3 Nc6 3. g3 e5 4. Bg2 Nf6 5. e3 Be7 6. Nge2 O-O 7. O-O Qc7 8. a3
b6 9. Qc2 Bb7 10. Ne4 d6 11. b3 Rad8 12. Bb2 Nb8 13. f4 Nbd7 14. d4 Nxe4 15.
Bxe4 Bxe4 16. Qxe4 Nf6 17. Qg2 Ng4 18. Qf3 Qd7 19. Rad1 Qe6 20. f5 Qh6 21. Qxg4
Qxe3+ 22. Kh1 Bf6 23. Bc1 Qxb3 24. d5 Rde8 25. Qe4 b5 26. cxb5 Qxb5 27. Nc3 Qd7
28. g4 g6 29. g5 Bd8 30. fxg6 fxg6 31. Rxf8+ Rxf8 32. Kg2 Qf7 33. Qe2 Ba5 34.
Ne4 c4 35. Nxd6 1-0

[Event "Tournoi francophone 019"]
[Site "Skype"]
[Date "????.??.??"]
[Round "5.22"]
[White "Rodriguez, Nathalie"]
[Black "De Fazio, Monica"]
[Result "1/2-1/2"]
[WhiteElo "1224"]
[BlackElo "1020"]
[PlyCount "84"]

1. d4 e6 2. Bf4 Nf6 3. Nc3 Bb4 4. Qd3 O-O 5. e3 d5 6. a3 Bxc3+ 7. Qxc3 Ne4 8.
Qxc7 Qxc7 9. Bxc7 Na6 10. Bf4 g5 11. Be5 f6 12. Bg3 Nxg3 13. hxg3 e5 14. dxe5
fxe5 15. Nf3 Rf5 16. g4 Rf6 17. Nxe5 Be6 18. Bd3 h6 19. f3 Nc5 20. O-O-O Rd8
21. Rh5 Kg7 22. Rdh1 Nxd3+ 23. Nxd3 Bf7 24. R5h2 Re8 25. Kd2 Rfe6 26. Re1 Bg6
27. Nc5 Rc6 28. Nd3 d4 29. e4 Bf7 30. g3 Bc4 31. f4 Bxd3 32. Kxd3 Rd8 33. e5 b5
34. b3 Ra6 35. Ra1 b4 36. a4 Rc6 37. f5 Rc3+ 38. Ke4 Rxg3 39. Rd1 Rxg4+ 40. Kd3
Rg3+ 41. Kc4 Re3 42. Rxd4 Rc8+ 1/2-1/2

[Event "Tournoi francophone 019"]
[Site "Skype"]
[Date "????.??.??"]
[Round "5.23"]
[White "Yepez, German"]
[Black "Blanchard, Colette"]
[Result "0-1"]
[WhiteElo "1171"]
[BlackElo "1204"]
[PlyCount "44"]

1. e4 c5 2. Nf3 Nc6 3. c3 e6 4. Bb5 d6 5. d4 Bd7 6. O-O Nf6 7. Bxc6 bxc6 8. e5
Nd5 9. exd6 Bxd6 10. dxc5 Bxc5 11. Bg5 Be7 12. Bxe7 Qxe7 13. Nd4 O-O 14. Nd2
Rfb8 15. Qc2 c5 16. N4f3 Bb5 17. Rfe1 Qd6 18. a3 Nf4 19. c4 Ba6 20. Ne4 Qe7 21.
Rad1 Rd8 22. Nd6 Rxd6 0-1

[Event "Tournoi francophone 019"]
[Site "Skype"]
[Date "????.??.??"]
[Round "5.24"]
[White "Esformes, Jacques"]
[Black "Rivalta, Paolo"]
[Result "0-1"]
[WhiteElo "1147"]
[BlackElo "1143"]
[PlyCount "84"]

1. d4 d5 2. Bf4 Nf6 3. e3 Bf5 4. c4 c6 5. Nf3 Nbd7 6. Ne5 e6 7. c5 Nxe5 8. dxe5
Ne4 9. Nd2 Nxc5 10. Nb3 Ne4 11. Be2 Bb4+ 12. Kf1 h6 13. f3 Nc5 14. a3 Nxb3 15.
Qxb3 Bc5 16. Qxb7 Rc8 17. Rc1 Rc7 18. Qa6 Qe7 19. Rxc5 Qxc5 20. Kf2 O-O 21. g4
Bg6 22. h4 h5 23. Kg3 Rb8 24. b4 Qc2 25. e4 Rb6 26. Qd3 Qxd3 27. Bxd3 d4 28.
Bc1 c5 29. Bd2 c4 30. Bb1 c3 31. Be3 dxe3 32. Bc2 Rbc6 33. Re1 hxg4 34. Kxg4
f5+ 35. exf5 Bxf5+ 36. Bxf5 exf5+ 37. Kf4 c2 38. Rc1 Rc3 39. Kxf5 Rd7 40. e6
Rd1 41. e7 Kf7 42. Rxc2 Rxc2 0-1

[Event "Tournoi francophone 019"]
[Site "Skype"]
[Date "????.??.??"]
[Round "5.25"]
[White "Ruiz Aguilera, Juan Jesus"]
[Black "Soubrier, Laure"]
[Result "1/2-1/2"]
[WhiteElo "1116"]
[BlackElo "1000"]
[PlyCount "107"]

1. e4 e5 2. Nf3 Nc6 3. Bb5 a6 4. Bxc6 dxc6 5. d4 f6 6. dxe5 Qe7 7. O-O fxe5 8.
Bg5 Qd6 9. Qxd6 cxd6 10. Rd1 Bg4 11. Nc3 h6 12. Be3 Nf6 13. Rd3 O-O-O 14. Bb6
Rd7 15. Re1 Be7 16. a4 Bxf3 17. Rxf3 d5 18. Rf5 Bd6 19. exd5 Re8 20. dxc6 bxc6
21. Be3 Nd5 22. Nxd5 cxd5 23. Rd1 g6 24. Rf6 Kc7 25. Rxd6 Rxd6 26. Bxh6 Kc6 27.
Kf1 e4 28. Ke2 d4 29. Bf4 Rd5 30. g4 Kc5 31. b3 Kb4 32. Be3 Kc3 33. Rd2 Red8
34. Bg5 R8d7 35. Bf4 g5 36. Bg3 d3+ 37. cxd3 exd3+ 38. Kd1 Kxb3 39. f4 Kxa4 40.
f5 Kb3 41. h4 gxh4 42. Bxh4 Rd4 43. Rg2 Kc4 44. Bf2 R4d5 45. g5 Rxf5 46. g6
Rxf2 47. Rxf2 Rg7 48. Rg2 a5 49. Kd2 a4 50. Rg4+ Kb3 51. Kxd3 a3 52. Ke4 a2 53.
Rg3+ Kc4 54. Ra3 1/2-1/2

[Event "Tournoi francophone 019"]
[Site "Skype"]
[Date "????.??.??"]
[Round "5.26"]
[White "Montilla Bejarano, Mey"]
[Black "Hargez, Dany"]
[Result "1-0"]
[WhiteElo "1088"]
[BlackElo "1296"]
[PlyCount "57"]

1. d4 d5 2. Nf3 Nf6 3. Bf4 Bf5 4. e3 Be4 5. Nbd2 e6 6. Ne5 Bd6 7. f3 Bg6 8. c4
Nbd7 9. h3 O-O 10. g4 h6 11. h4 Bxe5 12. dxe5 Nh7 13. h5 Bf5 14. gxf5 exf5 15.
cxd5 g5 16. hxg6 fxg6 17. Rxh6 Kg7 18. Rh2 Rh8 19. Qe2 Nhf8 20. Rxh8 Kxh8 21.
Qh2+ Nh7 22. O-O-O Qg8 23. Bd3 Qxd5 24. Rh1 Ndf8 25. Bc4 Qc6 26. e6 b5 27. Be5+
Kg8 28. e7+ Ne6 29. Qxh7# 1-0

[Event "Tournoi francophone 019"]
[Site "Skype"]
[Date "????.??.??"]
[Round "5.27"]
[White "Vincent, Andre"]
[Black "Tolaro, Filippa"]
[Result "1/2-1/2"]
[WhiteElo "1332"]
[BlackElo "1048"]
[PlyCount "65"]

1. c4 c6 2. Nc3 d5 3. d4 Bf5 4. e3 Nf6 5. Nf3 e6 6. a3 Bd6 7. Be2 Qc7 8. c5 Be7
9. O-O Nbd7 10. Re1 Ne4 11. Nxe4 Bxe4 12. b4 a6 13. Bb2 O-O 14. Bf1 Nf6 15. g3
h6 16. Bd3 Bxd3 17. Qxd3 Ne4 18. Ne5 Ng5 19. Kg2 f5 20. f3 Nf7 21. Ng6 Rfe8 22.
f4 Nh8 23. Nxh8 Kxh8 24. h4 Rf8 25. Qe2 Rf6 26. Rh1 Qd8 27. Qh5 Qe8 28. Qxe8+
Rxe8 29. h5 g6 30. Raf1 gxh5 31. Rxh5 Kg7 32. Rfh1 Rh8 33. Kf3 1/2-1/2

[Event "Tournoi francophone 019"]
[Site "Skype"]
[Date "????.??.??"]
[Round "5.28"]
[White "Schnell, Nicolas"]
[Black "Le Bouill, Pierre"]
[Result "0-1"]
[WhiteElo "1035"]
[BlackElo "1223"]
[PlyCount "58"]

1. e4 Nf6 2. Nc3 d6 3. Bc4 g6 4. Nf3 Bg7 5. d4 O-O 6. Ng5 e6 7. Qd2 d5 8. Be2
Nbd7 9. Qe3 dxe4 10. O-O c5 11. Ncxe4 cxd4 12. Qxd4 Nxe4 13. Qxe4 e5 14. f4 Nc5
15. Qe3 Qe7 16. Qg3 f5 17. Qh4 h6 18. Bc4+ Be6 19. Be2 hxg5 20. fxg5 f4 21. Rf3
Ne4 22. Bd3 Bf5 23. g4 Nxg5 24. Bc4+ Rf7 25. Rf2 Be4 26. b3 Nf3+ 27. Rxf3 Qxh4
28. Rf2 Qxg4+ 29. Kf1 Qd1# 0-1

[Event "Tournoi francophone 019"]
[Site "Skype"]
[Date "????.??.??"]
[Round "5.29"]
[White "Radice, Marco"]
[Black "Fabre, Gregory"]
[Result "1-0"]
[WhiteElo "1198"]
[BlackElo "1000"]
[PlyCount "91"]

1. d4 d5 2. Nf3 Nc6 3. Bf4 f6 4. e3 e5 5. dxe5 fxe5 6. Nxe5 g6 7. Be2 g5 8.
Bh5+ Ke7 9. Bxg5+ Nf6 10. Nf7 Bg4 11. Qxg4 Qd7 12. Qxd7+ Kxd7 13. Nxh8 Nxh5 14.
O-O Bd6 15. Nf7 Bc5 16. Nc3 Rf8 17. Nh6 d4 18. exd4 Nxd4 19. Rad1 Kc6 20. Be3
Nxc2 21. Bxc5 Kxc5 22. Ne4+ Kc6 23. Rc1 Kd5 24. Rxc2 Kxe4 25. Re1+ Kd3 26. Rxc7
Rf6 27. Re3+ Kd4 28. Rd7+ Kc5 29. Ng4 Rf5 30. Rc3+ Kb6 31. Rd6+ Kb5 32. Ne3 Re5
33. Rd5+ Rxd5 34. Nxd5 a5 35. Rb3+ Kc4 36. Ne3+ Kd4 37. Rxb7 Nf6 38. Ra7 Kd3
39. Rxa5 Ke2 40. b4 Ne4 41. Ng4 h6 42. b5 h5 43. b6 hxg4 44. Re5 Kd3 45. Rxe4
Kxe4 46. b7 1-0

[Event "Tournoi francophone 019"]
[Site "Skype"]
[Date "????.??.??"]
[Round "5.30"]
[White "Akli, Dimitri"]
[Black "Trapletti, Cosetta"]
[Result "1-0"]
[WhiteElo "1000"]
[BlackElo "1138"]
[PlyCount "47"]

1. e4 e5 2. f4 d6 3. Nf3 Nc6 4. Nc3 Nf6 5. Bc4 Be7 6. O-O O-O 7. d3 Nb4 8. Nd5
Nbxd5 9. Bxd5 c6 10. fxe5 dxe5 11. Bc4 Bc5+ 12. Kh1 Re8 13. Ng5 Be6 14. Nxe6
fxe6 15. Bg5 b5 16. Bxf6 gxf6 17. Qg4+ Kh8 18. Bxe6 Re7 19. Rxf6 Rg7 20. Qh4
Qe7 21. Raf1 Rf8 22. Rxf8+ Rg8 23. Qxe7 Bxe7 24. Rxg8# 1-0

[Event "Tournoi francophone 019"]
[Site "Skype"]
[Date "????.??.??"]
[Round "5.32"]
[White "Wildt, Gerti"]
[Black "Hampton, Irene"]
[Result "1-0"]
[WhiteElo "1067"]
[BlackElo "1000"]
[PlyCount "71"]

1. e4 c6 2. Nf3 d5 3. exd5 cxd5 4. d4 Bf5 5. Nbd2 Nd7 6. c3 e6 7. Be2 Ngf6 8.
Nh4 Be4 9. Nxe4 Nxe4 10. Nf3 g6 11. O-O Bg7 12. Bb5 Nef6 13. Ne5 O-O 14. Re1
Qc7 15. Bd3 a6 16. Bg5 Nxe5 17. dxe5 Qxe5 18. Rxe5 Rad8 19. Qd2 Rd7 20. Re3 Ng4
21. Rg3 Ne5 22. Bh6 Nxd3 23. Rxd3 Rd6 24. Qf4 Rfd8 25. Bxg7 Kxg7 26. Rh3 R6d7
27. Qh6+ Kg8 28. Qxh7+ Kf8 29. Qh6+ Ke7 30. Qg5+ Kd6 31. Qf4+ Kc6 32. Qa4+ Kc7
33. Qa5+ Kc6 34. Rh4 f5 35. Rb4 Rb8 36. Qb6# 1-0

[Event "Tournoi francophone 019"]
[Site "Skype"]
[Date "????.??.??"]
[Round "5.33"]
[White "Cassano, Mariangela"]
[Black "Codina, Teresa"]
[Result "0-1"]
[WhiteElo "1000"]
[BlackElo "1274"]
[PlyCount "68"]

1. d4 d5 2. Nf3 e6 3. e3 Nf6 4. Bd2 Be7 5. Be2 Nbd7 6. O-O O-O 7. Nc3 a6 8. h3
c5 9. dxc5 Nxc5 10. b4 Nce4 11. Bc1 Nxc3 12. Qd2 Nce4 13. Qd3 Bxb4 14. a3 Bd6
15. Bb2 b5 16. Bd4 Bb7 17. Ne1 Nc5 18. Bxc5 Bxc5 19. Qc3 Rc8 20. Nd3 Bd6 21.
Qd2 Re8 22. Nb4 Qc7 23. Nxa6 Bxa6 24. Rfe1 Qxc2 25. Rad1 Qxd2 26. Rxd2 Rc6 27.
f4 b4 28. axb4 Bxb4 29. g3 Bxd2 30. Rd1 Bxe3+ 31. Kg2 Bxe2 32. Re1 Rc2 33. Rxe2
Rxe2+ 34. Kf1 Ra2 0-1

[Event "Tournoi francophone 019"]
[Site "Skype"]
[Date "????.??.??"]
[Round "5.34"]
[White "Dida, Brahim"]
[Black "Guillaume, Mickael"]
[Result "0-1"]
[WhiteElo "1000"]
[BlackElo "1126"]
[PlyCount "28"]

1. d4 d5 2. c4 c6 3. Nc3 Nf6 4. Nf3 Bf5 5. Bf4 Nbd7 6. Nxd5 cxd5 7. cxd5 Nxd5
8. e3 e6 9. Qb3 Qa5+ 10. Nd2 Bb4 11. Bd3 Bxd2+ 12. Kd1 Bxd3 13. Qxd3 Nxf4 14.
exf4 Bxf4 0-1

[Event "Tournoi francophone 019"]
[Site "Skype"]
[Date "????.??.??"]
[Round "6.1"]
[White "Deville, Olivier"]
[Black "Rochette, Mathieu"]
[Result "1/2-1/2"]
[WhiteElo "1751"]
[BlackElo "1603"]
[PlyCount "41"]

1. Nf3 Nf6 2. c4 e6 3. b3 c5 4. Bb2 Be7 5. e3 Nc6 6. Be2 O-O 7. O-O d6 8. Nc3
a6 9. Rc1 b6 10. d4 Bb7 11. d5 exd5 12. cxd5 Nb8 13. e4 Nbd7 14. Qc2 Re8 15.
Nd2 Bf8 16. f4 Qc7 17. a4 Rac8 18. Bf3 b5 19. axb5 axb5 20. Nxb5 Qb6 21. Nc3
1/2-1/2

[Event "Tournoi francophone 019"]
[Site "Skype"]
[Date "????.??.??"]
[Round "6.2"]
[White "Pourrouquet, Albert"]
[Black "Caputi, Giuliano"]
[Result "0-1"]
[WhiteElo "1451"]
[BlackElo "1638"]
[PlyCount "98"]

1. e4 e6 2. d4 d5 3. e5 c5 4. c3 Nc6 5. Nf3 Qb6 6. Be2 Nh6 7. O-O Nf5 8. dxc5
Bxc5 9. b4 Be7 10. a4 a6 11. Bd3 Nh4 12. Nbd2 Ng6 13. Re1 Qc7 14. Bxg6 hxg6 15.
Nf1 f6 16. Bf4 f5 17. Qd2 Bd7 18. Rac1 b5 19. axb5 axb5 20. Bg5 Nd8 21. Bxe7
Kxe7 22. Qg5+ Kf7 23. Nh4 Rh6 24. Nd2 Nc6 25. Nhf3 Rhh8 26. Nb3 Ra3 27. Nc5
Rha8 28. Nh4 Ne7 29. f4 Ra2 30. Re3 Rh8 31. Qg3 Qa7 32. Qe1 Bc6 33. Nf3 d4 34.
Ng5+ Ke8 35. Rg3 Qa8 36. Ngxe6 Kf7 37. Ng5+ Kg8 38. Nf3 Bxf3 39. Rxf3 Rxh2 40.
Kxh2 Qxf3 41. Qg3 Rxg2+ 42. Qxg2 Qxf4+ 43. Kh3 Qxc1 44. cxd4 Qe3+ 45. Kh2 Qxd4
46. Qa8+ Kh7 47. Kh3 Qxe5 48. Qb7 Nd5 49. Qxb5 Nf4+ 0-1

[Event "Tournoi francophone 019"]
[Site "Skype"]
[Date "????.??.??"]
[Round "6.3"]
[White "Lambert, Pierre"]
[Black "Pouteau, Pascal"]
[Result "1-0"]
[WhiteElo "1660"]
[BlackElo "1349"]
[PlyCount "41"]

1. e4 d5 2. e5 Bf5 3. d4 e6 4. Nf3 h6 5. Bd3 Ne7 6. O-O Bxd3 7. Qxd3 Nd7 8. Nc3
a6 9. a4 Nf5 10. Nxd5 c5 11. c3 Rc8 12. Ne3 cxd4 13. cxd4 Nh4 14. Nxh4 Qxh4 15.
g3 Qd8 16. Qe4 Rc7 17. f4 Be7 18. f5 exf5 19. Nxf5 Bg5 20. Nd6+ Kf8 21. Nxf7
1-0

[Event "Tournoi francophone 019"]
[Site "Skype"]
[Date "????.??.??"]
[Round "6.4"]
[White "Castillo, David"]
[Black "Gadow, Martin"]
[Result "0-1"]
[WhiteElo "1449"]
[BlackElo "1342"]
[PlyCount "68"]

1. d4 Nf6 2. Nf3 e6 3. e3 d5 4. Nbd2 Be7 5. Bd3 c5 6. c3 Nc6 7. e4 cxd4 8. exd5
Nxd5 9. c4 Ndb4 10. Nb3 Nxd3+ 11. Qxd3 e5 12. O-O O-O 13. a3 Be6 14. Re1 f6 15.
Bd2 Qd7 16. Rac1 b6 17. Na1 Rac8 18. b4 Bf5 19. Qb3 Be6 20. Qd3 Bf5 21. Qb3 Kh8
22. b5 Nd8 23. Bb4 Bxb4 24. axb4 Ne6 25. Rcd1 Bg4 26. Rc1 Nf4 27. g3 Bh3 28.
Re4 Qb7 29. Rce1 d3 30. gxf4 f5 31. R4e3 d2 32. Rd1 exf4 33. Re2 Rf6 34. Qd3
Rg6+ 0-1

[Event "Tournoi francophone 019"]
[Site "Skype"]
[Date "????.??.??"]
[Round "6.5"]
[White "Vasquez Cienfuegos, Oscar"]
[Black "Marino, Giuseppe"]
[Result "1/2-1/2"]
[WhiteElo "1389"]
[BlackElo "1335"]
[PlyCount "70"]

1. Nf3 Nf6 2. g3 d5 3. d4 e6 4. Bg2 Bd6 5. O-O O-O 6. Re1 c6 7. Nbd2 Nbd7 8. c4
dxc4 9. Nxc4 Bb4 10. Bd2 Bxd2 11. Ncxd2 Nb6 12. Rc1 Re8 13. e4 h6 14. b3 a6 15.
Nc4 Nxc4 16. bxc4 b6 17. e5 Nd7 18. d5 exd5 19. cxd5 cxd5 20. Qxd5 Rb8 21. Red1
Re7 22. Bh3 Bb7 23. Qb3 Bxf3 24. Qxf3 Qe8 25. Bxd7 Rxd7 26. Rxd7 Qxd7 27. Rd1
Qc7 28. Qe2 b5 29. Rd6 Rb6 30. Qd3 Rxd6 31. exd6 Qd7 32. a3 Kf8 33. Qd5 f6 34.
Qa8+ Kf7 35. Qd5+ Kf8 1/2-1/2

[Event "Tournoi francophone 019"]
[Site "Skype"]
[Date "????.??.??"]
[Round "6.6"]
[White "Scata, Laura"]
[Black "Rodier, Marc"]
[Result "1/2-1/2"]
[WhiteElo "1370"]
[BlackElo "1512"]
[PlyCount "63"]

1. d4 Nf6 2. Nf3 g6 3. Bf4 Bg7 4. Nc3 d6 5. e4 Bg4 6. e5 Nh5 7. Bg3 Nxg3 8.
hxg3 dxe5 9. dxe5 Qxd1+ 10. Nxd1 Nd7 11. Ne3 Bxf3 12. gxf3 Nxe5 13. f4 Nd7 14.
Bg2 c6 15. c3 O-O-O 16. O-O-O h6 17. Bh3 f5 18. f3 Nc5 19. Kc2 Rxd1 20. Rxd1
Rd8 21. g4 Rxd1 22. Nxd1 e6 23. Nf2 Nd7 24. Bf1 Nf8 25. Kd3 Kd7 26. Kc4 h5 27.
gxh5 gxh5 28. Nd3 Kd6 29. a4 b6 30. b4 c5 31. bxc5+ bxc5 32. Nxc5 1/2-1/2